Chiến lược và quan hệ kinh tế Mỹ - EU - Nhật Bản thế kỷ XXI
সংরক্ষণ করুন:
| প্রধান লেখক: | |
|---|---|
| অন্যান্য লেখক: | |
| বিন্যাস: | গ্রন্থ |
| ভাষা: | Vietnamese |
| প্রকাশিত: |
Khoa học xã hội
2002
|
| ট্যাগগুলো: |
ট্যাগ যুক্ত করুন
কোনো ট্যাগ নেই, প্রথমজন হিসাবে ট্যাগ করুন!
|
| Thư viện lưu trữ: | Mạng thư viện Đại học Đà Nẵng |
|---|
| LEADER | 00781nam a2200265 4500 | ||
|---|---|---|---|
| 001 | 000020411 | ||
| 003 | 16857 | ||
| 005 | 20150317140351.0 | ||
| 008 | 150317s2002 viesd | ||
| 020 | |c 51000 | ||
| 041 | 0 | |a vie | |
| 082 | 1 | 4 | |a 337.73052 |b LÊ-S |
| 100 | 1 | |a Lê Văn Sang | |
| 245 | 1 | 0 | |a Chiến lược và quan hệ kinh tế Mỹ - EU - Nhật Bản thế kỷ XXI |c Đồng chủ biên: Lê Văn Sang, Trần Quang Lâm, Đào Lê Minh. |
| 260 | |b Khoa học xã hội |c 2002 | ||
| 300 | |a tr. |c cm. | ||
| 700 | 1 | |a Đào Lê Minh. |a Trần Quang Lâm, | |
| OWN | |a LSP | ||
| 999 | |a From the UDN01 | ||
| TYP | |a Monograph | ||
| TYP | |a Printed language | ||
| 980 | |a Mạng thư viện Đại học Đà Nẵng | ||